| 000 | 00553nam a2200181Ia 4500 | ||
|---|---|---|---|
| 003 | GCL | ||
| 008 | 140319s9999 xx 000 0 ara d | ||
| 040 |
_aGCL / _cGCL |
||
| 082 | 0 | 4 |
_a956.806 _bهـ س |
| 245 | 1 | 0 | _aالسياسة الثقافية فى الاردن |
| 300 | _a110 ص | ||
| 490 |
_aالسياسات الثقافية: دراسات ووثائق _v0 |
||
| 650 | 0 | 4 | _aالتعليم |
| 650 | 0 | 4 | _aالثقافة |
| 650 | 0 | 4 | _aالمكتبات الاردنية |
| 650 | 0 | 4 | _aالاردن - الاحوال الثقافية |
| 942 |
_2ddc _cBK |
||
| 999 |
_c38007 _d38007 |
||